000 00837nam a2200217Ia 4500
999 _c64872
_d64872
005 20240530110755.0
008 140319s199؟ ua 000 0 ara d
017 _bمصر. دار الكتب
040 _aGCL /
_cGCL
082 0 4 _a220/
_bم م
_221
100 0 _aمحمد ابو زهرة
245 1 2 _aالمعجزة الكبرى القرآن :
_bنزولة - كتابتة - جمعة - اعجازة - جدلة - علومة - تفسيرة - حكم الغناء به /
_cمحمد ابو زهرة
260 _aالقاهرة :
_bدار الفكر العربى،
_c[199-].
300 _a551 ص. ؛
_c24 سم.
650 0 7 _2qrmak
_aالقرآن
_xنزول
650 0 7 _2qrmak
_aالقرآن
_xعلوم
650 0 7 _2qrmak
_aالقرآن
_xتفسير
650 0 7 _2qrmak
_aالقرآن، اعجاز
651 _2qrmak
942 _2ddc
_cBK